Vista normal
Vista MARC
Entrada Personal Name
Número de registros utilizados en: 1
001 - CONTROL NUMBER
- control field: 2939
003 - CONTROL NUMBER IDENTIFIER
- control field: OSt
005 - DATE AND TIME OF LATEST TRANSACTION
- control field: 20200413122839.0
008 - FIXED-LENGTH DATA ELEMENTS
- fixed length control field: 200413|| aca||aabn | a|a d
040 ## - CATALOGING SOURCE
- Original cataloging agency: OSt
- Transcribing agency: OSt
100 ## - HEADING--PERSONAL NAME
- Personal name: Deacon, Alexis,
- Dates associated with a name: 1978
670 ## - SOURCE DATA FOUND
- Source citation: Work cat.: (OSt)3348: Deacon, Alexis, 1978 autor, Coco y pío / , ©2012